Clear speech: pronunciation and listening comprehension in North American English

Na minha lista:
Detalhes bibliográficos
Autor principal: Gilbert, Judy B.
Formato: Livro
Idioma:Undetermined
Publicado em: New York, Estados Unidos Cambridge University 1993
Edição:2
Assuntos:
Tags: Adicionar Tag
Sem tags, seja o primeiro a adicionar uma tag!

MARC

LEADER 00000nam a2200000Ia 4500
008 170316s9999 xx 000 0 und d
999 |c 3977  |d 3977 
040 |a cru BVZT 
090 |a 415-I G-1.1c 
100 |a Gilbert, Judy B. 
245 |a Clear speech: pronunciation and listening comprehension in North American English  |c / Judy B. Gilbert 
250 |a 2 
260 |a New York, Estados Unidos  |b Cambridge University  |c 1993 
300 |a 132 páginas 
650 |a GRAMÁTICA INGLESA  |9 97 
942 |c 15 D  |h 415-I G-1.1c  |2 z